000 00697ngm a22002890a 4500
001 UByD001363
003 AR-LpoUNG
005 20230415121726.0
008 230414s2021||||ag |||||||||||||||||spa d
020 _a9789878687674
040 _aAR-LpoUNG
_bspa
_cAR-LpoUNG
_eaacr
041 _aspa
044 _aag
082 0 _aA861 872poe
100 1 _aPou, Franco R.
245 1 0 _aPoemas en la hoguera
250 _a1ra. ed.
260 _aSan Miguel :
_bCaballitos de Ajedrez,
_c2022.
300 _a69 p.
650 4 _aARGENTINA
650 4 _aLITERATURA
650 4 _aPOESIA
653 _aAUTORES LOCALES
653 _aLITERATURA ARGENTINA
905 _a55630
942 _cLIB
_2ddc
999 _c63920
_d63920